00852cam a2200229 a 450000100100000000500170001000800410002704000230006805000260009108200150011710000500013224500480018226000560023030000210028649000290030765100720033683000380040891000340044604900090048095201180048999900150060700000987020200929161736.0770823s1975 ve f000 1 spa  aDO-SdBNPcDLCdDLC00aPQ8549.T64bE6 vol. 2 annnbT716p1 aTosta García, Francisco,d1852-1921.91805613aLa patria boba /cFrancisco Tosta García. aCaracas :bOficina Central de Información,c1975. a310 p. ;c18 cm.1 aEpisodios venezolanosv2 0aVenezuelaxHistoryyWar of Independence, 1810-1823xFiction.918061 0aEpisodios venezolanos ;v2918058 aCatalogación por copia / LC aBNGR 001052708MOaGRbGRcCTd2009-10-01iLF1l0onnn T716pp9870-10r2020-06-25w2020-06-25y2ZPréstamo interno c9629d9629